Представление документа в формате RUSMARC

ПолеНазваниеЗначение
  Тип записи a
  Библиографический уровень a
001 Контрольный номер RU/CBS_Ul/BASE/525957583
005 Дата корректировки 20250205143509.7
100 Данные общей обработки __
a Данные общей обработки 20160831d2016 ||| 0rusy0189 ca
101 Язык документа 0_
a Язык текста rus
102 Страна публикации __
a Страна публикации RU
105 Кодированные данные (монография) __
a Кодированные данные (монография) y###||||000|y
200 Заглавие и сведения об ответственности 1_
a Заглавие Бежин луг
b Общее обозначение материала Текст
e Сведения, относящиеся к заглавию [тургеневские места]
f Первые сведения об ответственности О. Трушин
300 Общие примечания __
a Общие примечания Ограничения по возрасту - 6+
461 Уровень набора _0
1 2000
a Детская роман-газета
463 Уровень физической единицы _0
1 001RU/CBS_Ul/BASE/525955885
1 2000
a № 8
v С. 16
1 210
d 2016
600 Персоналии _0
a Персоналии (Фамилия) Тургенев
b Персоналии (Имя, инициалы) И. С.
606 Тематические рубрики 0_
a Основная рубрика Тургенев, Иван Сергеевич (1818-1883)
610 Ключевые слова 0_
a Ключевые слова русские писатели
610 Ключевые слова 0_
a Ключевые слова тургеневские места
610 Ключевые слова 0_
a Ключевые слова Бежин луг
610 Ключевые слова 0_
a Ключевые слова музеи-усадьбы
686 Индексы других классификаций __
a Классификационный индекс 83.3(2Рос=Рус)1
2 Код системы ББК
700 Автор _1
a Фамилия Трушин
b Имя (инициалы) О.
801 Источник записи _0
a Страна RU
b Организация МБУК ЦБС г. Ульяновска
c Дата составления 20160831
g Правила каталогизации RCR
801 Источник записи _1
a Страна RU
b Организация МБУК ЦБС г. Ульяновска
c Дата составления 20160831
g Правила каталогизации RCR
901 Тип документа __
t Тип документа b
w Контрольный № источника RU/CBS_Ul/BASE/525955885
910 Корректоры записи __
a Корректор записи Ильина
938 Служебная информация __
a Имя БД period